Former Countries by Flags #1 - Statistics

General Stats
  • This quiz has been taken 37 times
  • The average score is 7 of 16
Answer Stats
Picture Answer % Correct
USSR
100%
Texas
80%
Yugoslavia
77%
East Germany
63%
Prussia
57%
Siam
50%
Hawaii
47%
Ottoman Empire
47%
British Empire
37%
Qing Dynasty
37%
South Vietnam
33%
South Yemen
27%
Rhodesia
23%
Vermont
20%
Mexican Empire
17%
Central America
10%
No matching quizzes found
Score Distribution
Percent of People with Each Score
Percentile by Number Answered
Your Score History
You have not taken this quiz